01126nam a2200253 a 4500003000900000005001700009008004100026040001300067100002500080245009400105260011100199300003400310500027000344650001600614650002700630650002800657650003000685650003200715650002400747650002600771650003700797650001500834653002300849AR-BaBNM20251128203205.0082120s2002 ||||||||||||||000 | spa|| cAR-BaBNM1 aLippincott, Dixie V.00aLa enseñanza y el aprendizaje en la escuela primariabguía práctica para el maestro aBuenos AiresbPaidósbCentro Regional de Ayuda Técnica. Agencia para el Desarrollo Internacionalc1969 a295 p.bgráfs., il., tablas aEsta publicación ha sido preparada conjuntamente por Editorial Paidós y el Centro Regional de Ayuda Técnica, Agencia para el Desarrollo Internacional, Departamento de Estado del Gobierno de los Estados Unidos de América. El Centro es una organización dedi 4aAPRENDIZAJE 4aMETODOS DE ENSEÑANZA 4aDESARROLLO COGNOSCITIVO 4aENSEÑANZA DE LA LECTURA 4aENSEÑANZA DE LA ESCRITURA 4aMATERIAL DE LECTURA 4aEVALUACION DEL ALUMNO 4aAPRENDIZAJE MEDIANTE LA PRACTICA 4aDISCIPLINA aEDUCACION PRIMARIA